000
00315nam a22001337a 4500
003
SGT
082
_a
342.0954
_b
M08C
100
_a
CHATTERJEE, SOMNATH
245
_a
MADHU LIMAYE IN PARLIAMENT
260
_a
INDIA
_b
LOK SABHA SECRETARIATE
_c
2008
300
_a
664
650
_a
INDIAN CONSTITUTION
942
_2
ddc
_c
BK
999
_c
26233
_d
26233